ՀՀ Գիտությունների ազգային ակադեմիայի հիմնարար գիտական գրադարան  =   Fundamental Scientific Library of NAS RA

Гемостаз / (Record no. 220499)

MARC details
000 -LEADER
fixed length control field 00964nam a2200265 u 4500
001 - CONTROL NUMBER
control field 000631583
003 - CONTROL NUMBER IDENTIFIER
control field AM-YeHGA
005 - DATE AND TIME OF LATEST TRANSACTION
control field 20250617140455.0
008 - FIXED-LENGTH DATA ELEMENTS--GENERAL INFORMATION
fixed length control field 090212s1984 ru |||||r|||||000|0|rus|d
040 ## - CATALOGING SOURCE
Original cataloging agency AM-YeHGA
041 1# - LANGUAGE CODE
Language code of text/sound track or separate title rus
Language code of original fr
090 ## - LOCALLY ASSIGNED LC-TYPE CALL NUMBER (OCLC); LOCAL CALL NUMBER (RLIN)
-- 222030
100 1# - MAIN ENTRY--PERSONAL NAME
Personal name Фермилен, Ж.
245 10 - TITLE STATEMENT
Title Гемостаз /
Statement of responsibility, etc. Ж. Фермилен, М. Ферстрате ; Пер. с французского И.Н. Бокарева.
260 ## - PUBLICATION, DISTRIBUTION, ETC.
Place of publication, distribution, etc. Москва :
Name of publisher, distributor, etc. Медицина,
Date of publication, distribution, etc. 1984.
300 ## - PHYSICAL DESCRIPTION
Extent 192 с. :
Other physical details ил., табл. ;
Dimensions 21 см.
534 ## - ORIGINAL VERSION NOTE
Introductory phrase Оригинал на франц. :
Title statement of original L'hemostase /
Main entry of original J. Vermylen, M. Verstraete. -
Publication, distribution, etc. of original Paris, 1981
650 14 - SUBJECT ADDED ENTRY--TOPICAL TERM
Topical term or geographic name entry element Гемостаз
650 14 - SUBJECT ADDED ENTRY--TOPICAL TERM
Topical term or geographic name entry element Крови свертывание
650 14 - SUBJECT ADDED ENTRY--TOPICAL TERM
Topical term or geographic name entry element Фибринолиз
650 14 - SUBJECT ADDED ENTRY--TOPICAL TERM
Topical term or geographic name entry element Нарушения гемостаза
650 14 - SUBJECT ADDED ENTRY--TOPICAL TERM
Topical term or geographic name entry element Физиология
700 1# - ADDED ENTRY--PERSONAL NAME
Personal name Ферстрате, М.
700 1# - ADDED ENTRY--PERSONAL NAME
Personal name Бокарев, И.Н.
Relator term пер.
Relationship trl
Holdings
Withdrawn status Lost status Damaged status Not for loan Collection Home library Current library Date acquired Total checkouts Full call number Barcode Date last seen Price effective from Koha item type Public note
        General Fundamental Scientific Library Fundamental Scientific Library 29/12/2016   PII/525960 FL0180034 29/12/2016 29/12/2016 Գրքեր / Books 30 Days Loan


ՀՀ ԳԱԱ հիմնարար գիտական գրադարան
ՀՀ,Երևան 0019
Մարշալ Բաղրամյան 24/6
հեռախոս:(374-10) 52-47-50
Հետադարձ կապ

All site content, except where otherwise noted, is licensed under a
Creative Commons License